000
00349nam a2200157Ia 4500
003
OSt
005
20231206074840.0
008
170524s9999 xx 000 0 und d
020
_a
0-471-35935-1
040
_c
iimt
100
_a
Baraban
245
0
_a
Successful Resturant Design
260
_b
John Wiley & Sons
260
_c
2001
942
_2
ddc
_c
02
999
_c
6990
_d
6990